Carácter y estructura social / (Record no. 9622)
[ view plain ]
| 000 -LEADER | |
|---|---|
| fixed length control field | 00702nam a22002297a 4500 |
| 003 - CONTROL NUMBER IDENTIFIER | |
| control field | AR-FvUNAJ |
| 005 - DATE AND TIME OF LATEST TRANSACTION | |
| control field | 20231113163031.0 |
| 008 - FIXED-LENGTH DATA ELEMENTS--GENERAL INFORMATION | |
| fixed length control field | 231003b ||||| |||| 00| 0 spa d |
| 040 ## - CATALOGING SOURCE | |
| Transcribing agency | AR-FvUNAJ |
| 082 14 - DEWEY DECIMAL CLASSIFICATION NUMBER | |
| Edition number | 14 |
| Classification number | 301 |
| 100 1# - MAIN ENTRY--PERSONAL NAME | |
| 9 (RLIN) | 18912 |
| Personal name | Gerth, Hans |
| 245 10 - TITLE STATEMENT | |
| Title | Carácter y estructura social / |
| Statement of responsibility, etc | H. Gerth y C. Wright Mills |
| 250 ## - EDITION STATEMENT | |
| Edition statement | 3a ed. |
| 260 ## - PUBLICATION, DISTRIBUTION, ETC. (IMPRINT) | |
| Place of publication, distribution, etc | Buenos Aires : |
| Name of publisher, distributor, etc | Paidos, |
| Date of publication, distribution, etc | 1971. |
| 300 ## - PHYSICAL DESCRIPTION | |
| Extent | 441 p. |
| 440 ## - SERIES STATEMENT/ADDED ENTRY--TITLE | |
| 9 (RLIN) | 9066 |
| Title | Biblioteca de Psicología Social y Sociología |
| Volume number/sequential designation | 19 |
| 650 17 - SUBJECT ADDED ENTRY--TOPICAL TERM | |
| Source of heading or term | unescot |
| 9 (RLIN) | 667 |
| Topical term or geographic name as entry element | PSICOLOGIA SOCIAL |
| 650 27 - SUBJECT ADDED ENTRY--TOPICAL TERM | |
| Source of heading or term | unescot |
| 9 (RLIN) | 693 |
| Topical term or geographic name as entry element | SOCIOLOGIA |
| 700 1# - ADDED ENTRY--PERSONAL NAME | |
| 9 (RLIN) | 18913 |
| Personal name | Wright Mills, C. |
| 942 ## - ADDED ENTRY ELEMENTS (KOHA) | |
| Source of classification or shelving scheme | Dewey Decimal Classification |
| Koha item type | Libro, folleto, traducción |
| 980 ## - EQUIVALENCE OR CROSS-REFERENCE-SERIES STATEMENT--PERSONAL NAME/TITLE [LOCAL, CANADA] | |
| Linkage | 21566 |
| Personal name | Miranda Raldes |
| Field link and sequence number | 21570 |
| Miscellaneous information | Diaz Bustince |
| Withdrawn status | Lost status | Source of classification or shelving scheme | Damaged status | Not for loan | Home library | Current library | Date acquired | Source of acquisition | Total Checkouts | Full call number | Barcode | Date last seen | Price effective from | Koha item type |
|---|---|---|---|---|---|---|---|---|---|---|---|---|---|---|
| Dewey Decimal Classification | Biblioteca Central | Biblioteca Central | 03/10/2023 | Donación | 306.36 GER | UNAJ23100042 | 17/03/2025 | 03/10/2023 | Libro, folleto, traducción |